000 00668nam a22002297a 4500
005 20220727122138.0
008 220726b ||||| |||| 00| 0 eng d
020 _a0716306115
040 _cAL
041 _aEnglish
082 _223
_a362.10941
_bREIB
100 _aJohn Reid and others
_953520
245 _aBest Intentions? Race equity and delivering todays NHS
260 _aLondon
_bFabian society
_c2004
300 _a37 p.
_bPB
_c21x14 cm.
650 _aThe best of intentions?
_953521
650 _aThe Future
_953522
650 _aThe Paradox of Racism
_953523
700 _aREID (John)
_953524
700 _aPHILLIPS (Trevor)
_953525
942 _2ddc
_cGF
999 _c224208
_d224208